00667cam a22002171 4500001001300000003000400013005001700017008004100034010001700075025002300092035002000115040002300135042001200158050001900170100003600189245011500225260006300340300001800403500001100421999001700432sa 66000526 DLC20260227112215.0960924s195u pk 000 0 pusr  asa 66000526  aPL480:P-Pushto-203 a(OCoLC)35625798 aDLCcCLUdCLUdDLC apremarc00aPK6820.N83bM30 aNūr Maḥmad Nawṣhārạy.00aMaqbūl-i ʻām,bTakhayyalāt Nūr Maḥmad Nawkhārạy.cauthor: Ustād Nūr Maḥmad Nawkhārạy. aPishāwar Shahar,bʻAbd al-Ḥakīm end Sạnzc[195-?] a56 p.c25 cm. aPoems. c67301d67301